[Event "IX. Rhein-Main-Open"]
[Site "Bad Homburg"]
[Date "2006.06.18"]
[Round "7.1"]
[White "Khenkin, Igor"]
[Black "Drabke, Lorenz Maximilian"]
[Result "1-0"]
[WhiteElo "2602"]
[BlackElo "2393"]
[PlyCount "101"]
[EventDate "2006.??.??"]

1. d4 d5 2. c4 c6 3. Nf3 Nf6 4. Qb3 dxc4 5. Qxc4 Bf5 6. g3 e6 7. Bg2 Nbd7 8.
O-O Be7 9. Nc3 O-O 10. Re1 Ne4 11. Qb3 Qb6 12. Nh4 Qxb3 13. axb3 Bb4 14. Nxf5
exf5 15. Bxe4 fxe4 16. Bd2 Rfe8 17. Nxe4 Rxe4 18. Bxb4 Rxd4 19. Bc3 Rd6 20.
Red1 Rxd1+ 21. Rxd1 Nf8 22. f4 f6 23. f5 Kf7 24. Kf2 Ke8 25. g4 Rd8 26. Rxd8+
Kxd8 27. g5 Nd7 28. e4 Ke7 29. Ke3 Kf7 30. h4 Ne5 31. b4 a6 32. Bd4 Ke7 33. b3
Kf7 34. Bb2 Kf8 35. Bc3 Kf7 36. Bd4 Kf8 37. Bc5+ Kf7 38. Bd6 Ke8 39. Bc7 Kd7
40. Bb8 Ke7 41. h5 Ng4+ 42. Kf4 Nf2 43. g6 h6 44. Ke3 Ng4+ 45. Kd4 Kd7 46. Bg3
Ke7 47. Kc5 Ne3 48. Bd6+ Ke8 49. Kb6 Nc2 50. Kxb7 Nd4 51. Kxa6 1-0

[Event "IX. Rhein-Main-Open"]
[Site "Bad Homburg"]
[Date "2006.06.18"]
[Round "7.2"]
[White "Chandler, Patrick"]
[Black "Milov, Leonid"]
[Result "0-1"]
[WhiteElo "2199"]
[BlackElo "2504"]
[PlyCount "44"]
[EventDate "2006.??.??"]

1. e4 c5 2. Nc3 e6 3. Nge2 a6 4. g3 b5 5. Bg2 Bb7 6. d4 cxd4 7. Nxd4 Nf6 8. a3
Qc7 9. O-O Nc6 10. Bf4 Ne5 11. Qe2 Bc5 12. Rfd1 O-O 13. Nb3 Bb6 14. Rd2 d6 15.
Bxe5 dxe5 16. Kh1 h5 17. f3 h4 18. Rad1 hxg3 19. hxg3 g6 20. Kh2 Kg7 21. g4 Qe7
22. Kg3 Nh5+ 0-1

[Event "IX. Rhein-Main-Open"]
[Site "Bad Homburg"]
[Date "2006.06.18"]
[Round "7.3"]
[White "Donchenko, Anatoli"]
[Black "Feldtmann, Thomas"]
[Result "0-1"]
[WhiteElo "2434"]
[BlackElo "2283"]
[PlyCount "73"]
[EventDate "2006.??.??"]

1. d4 f5 2. g3 Nf6 3. Bg2 g6 4. c4 Bg7 5. Nc3 d6 6. Nf3 O-O 7. Rb1 Qe8 8. d5 a5
9. O-O Na6 10. b3 Bd7 11. a3 Rc8 12. Be3 h6 13. Bd4 Qf7 14. e3 g5 15. b4 axb4
16. axb4 c6 17. Na4 cxd5 18. cxd5 Bb5 19. Re1 Nxd5 20. Bxg7 Kxg7 21. Nxg5 hxg5
22. Bxd5 Bxa4 23. Qd2 e6 24. Qa2 exd5 25. Qxa4 Rc4 26. Qa1+ Qf6 27. Qa5 Nc7 28.
Qb6 f4 29. exf4 gxf4 30. Rbc1 fxg3 31. hxg3 d4 32. Qxc7+ Rxc7 33. Rxc7+ Kg6 34.
Rc2 Qf3 35. Rce2 d3 36. Re6+ Kg5 37. Rxd6 {ZÜ} 0-1

[Event "IX. Rhein-Main-Open"]
[Site "Bad Homburg"]
[Date "2006.06.18"]
[Round "7.4"]
[White "Malek, Daniel"]
[Black "Bakhmatov, Eduard"]
[Result "1/2-1/2"]
[WhiteElo "2322"]
[BlackElo "2341"]
[PlyCount "89"]
[EventDate "2006.??.??"]

1. d4 Nf6 2. c4 d6 3. Nf3 Nbd7 4. Nc3 e5 5. e4 Be7 6. Be2 c6 7. O-O O-O 8. Be3
Re8 9. d5 c5 10. Nd2 Rf8 11. a3 Ne8 12. g3 g6 13. Kh1 Ng7 14. f4 f5 15. Bg1
exf4 16. gxf4 fxe4 17. Ndxe4 Nf6 18. Kg2 Nxe4 19. Nxe4 Bf5 20. Ng3 Bf6 21. Qd2
Qd7 22. Kh1 Rae8 23. Rfe1 Re7 24. Bf3 Rfe8 25. Rxe7 Rxe7 26. Rc1 Bg4 27. Bg2
Qe8 28. b4 b6 29. b5 h5 30. Qd3 Bf5 31. Qf3 Bd4 32. Nxf5 Nxf5 33. Bh3 Re1 34.
Rxe1 Qxe1 35. Qf1 Qe4+ 36. Qg2 Qxg2+ 37. Kxg2 Nh4+ 38. Kg3 Bxg1 39. Kxh4 Bxh2
40. f5 gxf5 41. Bxf5 Kg7 42. Kxh5 Kf6 43. Kg4 Ke5 44. Bd3 Kd4 45. Bf1 1/2-1/2

[Event "IX. Rhein-Main-Open"]
[Site "Bad Homburg"]
[Date "2006.06.18"]
[Round "7.5"]
[White "Gramlich, Sebastian"]
[Black "Brustkern, Jürgen"]
[Result "1/2-1/2"]
[WhiteElo "2122"]
[BlackElo "2242"]
[PlyCount "92"]
[EventDate "2006.??.??"]

1. d4 g6 2. c4 Nf6 3. Nc3 Bg7 4. e4 d6 5. f3 O-O 6. Bg5 c5 7. d5 h6 8. Be3 e6
9. Qd2 exd5 10. cxd5 Bd7 11. Bd3 Na6 12. a3 Rc8 13. Nge2 c4 14. Bc2 Nc5 15. O-O
Kh7 16. Rae1 b5 17. f4 Re8 18. Ng3 Ng4 19. h3 Nxe3 20. Rxe3 Kg8 21. e5 dxe5 22.
fxe5 Rxe5 23. Rxe5 Bxe5 24. Qxh6 Qf8 25. Qg5 Qg7 26. Nge4 Nxe4 27. Nxe4 Bf5 28.
d6 f6 29. Qd2 Rd8 30. Qd5+ Qf7 31. Qxb5 Bxe4 32. Bxe4 Rxd6 33. Rc1 Kg7 34. Qxc4
Rd1+ 35. Kf2 Rd2+ 36. Kf1 Qd7 37. Bf3 Bxb2 38. Rc2 Rxc2 39. Qxc2 Bxa3 40. Qb3
Bc5 41. Qb7 Qxb7 42. Bxb7 a5 43. Bc6 f5 44. Ke2 Kf6 45. Be8 g5 46. Bd7 Ke5
1/2-1/2

[Event "IX. Rhein-Main-Open"]
[Site "Bad Homburg"]
[Date "2006.06.18"]
[Round "7.6"]
[White "Ahrends, Norbert"]
[Black "Isserman, Ryhor"]
[Result "0-1"]
[WhiteElo "2065"]
[BlackElo "2309"]
[PlyCount "162"]
[EventDate "2006.??.??"]

1. d4 Nf6 2. Nf3 g6 3. Nbd2 Bg7 4. e4 d6 5. c3 O-O 6. b4 e5 7. dxe5 dxe5 8. Bc4
Ne8 9. a4 Nd6 10. Ba2 Nd7 11. O-O b6 12. Qe2 c5 13. Rd1 Qc7 14. Nc4 Ba6 15.
Rxd6 Qxd6 16. b5 Bxb5 17. axb5 Qc7 18. Ne3 Kh8 19. Bd5 Rad8 20. Bc6 a5 21. Nd5
Qd6 22. Bxd7 Rxd7 23. Nd2 Qe6 24. Nc4 Rb7 25. Be3 Rc8 26. f3 h6 27. Qa2 Rcb8
28. Nd2 Kh7 29. c4 Bf8 30. Nb1 Be7 31. Nxe7 Rxe7 32. Nc3 Ra7 33. Nd5 f5 34. Qc2
f4 35. Bd2 g5 36. h3 h5 37. Ra3 Kg6 38. Bc1 g4 39. fxg4 hxg4 40. Bxf4 Rf7 41.
Bc1 Rg8 42. Qd2 Kh7 43. hxg4 Rxg4 44. Rh3+ Kg7 45. Rh6 Rg6 46. Rxg6+ Qxg6 47.
Qg5 Qxg5 48. Bxg5 Kg6 49. Bc1 Rb7 50. Bb2 a4 51. Bxe5 a3 52. Kf2 a2 53. Kf3 Rb8
54. Ke3 Kf7 55. Ba1 Ke6 56. Nc3 Rg8 57. Nxa2 Ra8 58. Nc3 Rxa1 59. Nd5 Ke5 60.
Nxb6 Ra3+ 61. Kd2 Kxe4 62. Kc2 Kd4 63. g4 Rg3 64. Nd7 Kxc4 65. b6 Rc3+ 66. Kb2
Rb3+ 67. Kc2 Rb4 68. g5 Kd5 69. g6 Ke6 70. Nxc5+ Kf6 71. b7 Kxg6 72. Kc3 Rb6
73. Kc4 Kf7 74. Kd5 Ke7 75. Ke5 Kd8 76. Ne6+ Kd7 77. Kd5 Rb1 78. Nc5+ Kc7 79.
Kd4 Kc6 80. Kc4 Rb6 81. Kd4 Rb4+ 0-1

[Event "IX. Rhein-Main-Open"]
[Site "Bad Homburg"]
[Date "2006.06.18"]
[Round "7.7"]
[White "Uwira, Oliver"]
[Black "Wiege, Andre"]
[Result "1-0"]
[WhiteElo "2256"]
[BlackElo "2083"]
[PlyCount "41"]
[EventDate "2006.??.??"]

1. d4 Nf6 2. Bg5 d6 3. Bxf6 exf6 4. e3 g6 5. Ne2 Bg7 6. c4 Nc6 7. Nbc3 O-O 8.
g3 Bg4 9. Bg2 Qc8 10. h3 Bd7 11. Kf1 Re8 12. Kg1 Ne7 13. Kh2 Bc6 14. Nd5 Bxd5
15. cxd5 Qd7 16. Rf1 f5 17. Rc1 Kh8 18. Qb3 b6 19. Qc4 Rec8 20. Qa6 c6 21. dxc6
1-0

[Event "IX. Rhein-Main-Open"]
[Site "Bad Homburg"]
[Date "2006.06.18"]
[Round "7.8"]
[White "Kayser, Felix"]
[Black "Mayer, Frank"]
[Result "1/2-1/2"]
[WhiteElo "2164"]
[BlackElo "2078"]
[PlyCount "75"]
[EventDate "2006.??.??"]

1. e4 e6 2. e5 d5 3. exd6 Bxd6 4. Qg4 Qf6 5. Nc3 Qg6 6. Qxg6 hxg6 7. Nf3 c6 8.
Ne4 Bc7 9. b3 Nf6 10. Nxf6+ gxf6 11. Bb2 e5 12. h3 Be6 13. O-O-O Nd7 14. Re1
O-O-O 15. d4 Bd5 16. dxe5 Bxf3 17. e6 fxe6 18. gxf3 e5 19. Bd3 g5 20. Bf5 Bb6
21. Re2 Kc7 22. b4 Rh4 23. Bg4 Nf8 24. Rd1 Rxd1+ 25. Kxd1 Ng6 26. Rd2 Rh7 27.
c4 c5 28. Bf5 Rg7 29. b5 Nf4 30. Bc3 Re7 31. a4 a5 32. Kc2 Ne6 33. Bxe6 Rxe6
34. Kd3 Re7 35. Rd1 Rh7 36. Rh1 Rh4 37. Bd2 Kd6 38. Be3 1/2-1/2

[Event "IX. Rhein-Main-Open"]
[Site "Bad Homburg"]
[Date "2006.06.18"]
[Round "7.9"]
[White "Neb, Roland"]
[Black "Kolker, Vladislav"]
[Result "1/2-1/2"]
[WhiteElo "2156"]
[BlackElo "1860"]
[PlyCount "45"]
[EventDate "2006.??.??"]

1. e4 c5 2. c3 d6 3. d4 Nf6 4. Bd3 Nc6 5. Ne2 e5 6. d5 Ne7 7. Nd2 g6 8. a4 Bg7
9. Ng3 O-O 10. h4 h5 11. Nc4 b6 12. Bg5 Ne8 13. Nf1 f6 14. Bd2 a6 15. Nh2 f5
16. f3 f4 17. Nf1 Bd7 18. Na3 Nc7 19. c4 b5 20. Be2 b4 21. Nb1 Bf6 22. g4 Nc8
23. g5 1/2-1/2

[Event "IX. Rhein-Main-Open"]
[Site "Bad Homburg"]
[Date "2006.06.18"]
[Round "7.10"]
[White "Schell, Walter"]
[Black "Dorst, Johannes"]
[Result "0-1"]
[WhiteElo "2112"]
[BlackElo "2127"]
[PlyCount "70"]
[EventDate "2006.??.??"]

1. d4 Nf6 2. c4 c5 3. d5 b5 4. cxb5 a6 5. bxa6 g6 6. Nc3 Bxa6 7. Nf3 d6 8. g3
Bg7 9. Bg2 O-O 10. O-O Nbd7 11. Rb1 Ng4 12. Qc2 Nge5 13. Nxe5 Nxe5 14. b3 Qa5
15. a4 Nf3+ 16. Bxf3 Qxc3 17. Qe4 Qe5 18. Qxe5 Bxe5 19. Bb2 Bxb2 20. Rxb2 Rfb8
21. Ra1 Rb4 22. Rbb1 Rab8 23. e3 Bd3 24. Rc1 Rxb3 25. a5 Ba6 26. Bg2 R3b4 27.
Bf1 c4 28. Rc3 Kg7 29. e4 Rb3 30. Rcc1 R8b4 31. Rc2 Kf6 32. Rac1 Rb1 33. Rxb1
Rxb1 34. Kg2 Rb4 35. Kf3 Ke5 0-1

[Event "IX. Rhein-Main-Open"]
[Site "Bad Homburg"]
[Date "2006.06.18"]
[Round "7.11"]
[White "Weise, Martin"]
[Black "Wanie, Karsten"]
[Result "1/2-1/2"]
[WhiteElo "2175"]
[BlackElo "2056"]
[PlyCount "130"]
[EventDate "2006.??.??"]

1. e4 e6 2. Nf3 d5 3. Nc3 Nf6 4. e5 Nfd7 5. d4 c5 6. dxc5 Nc6 7. Bf4 Bxc5 8.
Bd3 f6 9. exf6 Nxf6 10. O-O O-O 11. Ne5 Bd7 12. Qe2 Qe7 13. Rae1 Rae8 14. a3 a6
15. Nxc6 Bxc6 16. Be5 Nd7 17. Qh5 Rf5 18. Bxf5 exf5 19. Nxd5 Bxd5 20. Bc3 Be4
21. Kh1 Qf7 22. Qd1 Bc6 23. Rxe8+ Qxe8 24. Re1 Qf7 25. f3 Qd5 26. Qxd5+ Bxd5
27. Rd1 Bc6 28. Bd4 Kf7 29. Bxc5 Nxc5 30. Kg1 Ne6 31. Kf2 g5 32. Ke3 Kf6 33.
Rd2 h5 34. c4 f4+ 35. Kf2 g4 36. b4 Ke5 37. Re2+ Kf5 38. Rd2 gxf3 39. gxf3 Ng5
40. Rd8 Ke5 41. a4 Bxa4 42. h4 Ne6 43. Rd5+ Kf6 44. Rxh5 Bb3 45. Rh7 Bxc4 46.
Rxb7 Nd4 47. Rb6+ Ne6 48. Rc6 Bb5 49. Rb6 Kf5 50. h5 Ng5 51. Rg6 Bd3 52. Rd6
Bc4 53. Rc6 Bd3 54. Rc5+ Kf6 55. Rc6+ Kf5 56. Rc5+ Kf6 57. h6 Nh7 58. Rd5 Bb5
59. Kg2 Kg6 60. Rd6+ Kg5 61. Kf2 Kh5 62. Rd4 Kxh6 63. Rxf4 Kg5 64. Rf7 Nf6 65.
Ke3 Kf5 1/2-1/2

[Event "IX. Rhein-Main-Open"]
[Site "Bad Homburg"]
[Date "2006.06.18"]
[Round "7.13"]
[White "Diehm, Alexander"]
[Black "Biegel, Thomas"]
[Result "1/2-1/2"]
[WhiteElo "2111"]
[BlackElo "1999"]
[PlyCount "41"]
[EventDate "2006.??.??"]

1. d4 d5 2. e4 dxe4 3. Nc3 Nf6 4. f3 exf3 5. Qxf3 c6 6. Be3 Bg4 7. Qf2 Qb6 8.
Bd2 e6 9. Na4 Qc7 10. Bd3 Bd6 11. Nf3 Nbd7 12. O-O-O O-O-O 13. d5 c5 14. dxe6
Bxe6 15. Ng5 Ng4 16. Qe2 Nge5 17. Nxe6 Nxd3+ 18. cxd3 fxe6 19. Qxe6 Kb8 20. g3
Nf6 21. Nc3 1/2-1/2

[Event "IX. Rhein-Main-Open"]
[Site "Bad Homburg"]
[Date "2006.06.18"]
[Round "7.14"]
[White "Lanz, Udo"]
[Black "Adair, Robin"]
[Result "1-0"]
[WhiteElo "1985"]
[BlackElo "2103"]
[PlyCount "67"]
[EventDate "2006.??.??"]

1. e4 c5 2. f4 Nc6 3. Nf3 g6 4. g3 Bg7 5. c3 d5 6. e5 Bg4 7. h3 Bxf3 8. Qxf3 e6
9. d3 Nge7 10. Bg2 Nf5 11. O-O Qb6 12. Na3 a6 13. Nc2 h5 14. Rb1 Rc8 15. Ne3
Nxe3 16. Bxe3 d4 17. Bd2 O-O 18. c4 Qc7 19. g4 hxg4 20. hxg4 b5 21. b3 Rfd8 22.
Be1 Nb4 23. Bh4 Rd7 24. Qh3 Nc2 25. Rf3 Qa5 26. Rf2 Ne3 27. Kh2 Qc3 28. Bf6
Qxd3 29. Rh1 Bh6 30. Bf3 Bxf4+ 31. Kg1 Qb1+ 32. Rf1 Qxf1+ 33. Qxf1 Bh2+ 34.
Rxh2 1-0

[Event "IX. Rhein-Main-Open"]
[Site "Bad Homburg"]
[Date "2006.06.18"]
[Round "7.15"]
[White "Minor, Samuel"]
[Black "Ewin, Hans-Peter"]
[Result "1-0"]
[WhiteElo "2100"]
[BlackElo "1976"]
[PlyCount "67"]
[EventDate "2006.??.??"]

1. e4 c5 2. Nf3 d6 3. d4 cxd4 4. Nxd4 Nf6 5. Nc3 g6 6. Be3 Bg7 7. f3 O-O 8. Qd2
Nc6 9. Bc4 Bd7 10. O-O-O Qa5 11. h4 Rfc8 12. Bb3 Ne5 13. g4 Nc4 14. Bxc4 Rxc4
15. h5 Rxc3 16. Qxc3 Qxa2 17. hxg6 hxg6 18. Qb3 Qa1+ 19. Kd2 Qa5+ 20. c3 b5 21.
Ra1 Qc7 22. Ra6 Rb8 23. Rha1 Rb7 24. g5 Nh5 25. Qa2 Bxd4 26. cxd4 d5 27. Re1
dxe4 28. Rxg6+ Kf8 29. Rh6 Be6 30. d5 Qd6 31. Rh8+ Kg7 32. Bd4+ f6 33. Rxh5
Bxd5 34. Qxd5 1-0

[Event "IX. Rhein-Main-Open"]
[Site "Bad Homburg"]
[Date "2006.06.18"]
[Round "7.16"]
[White "Remy, Jochen"]
[Black "Hüttemann, Ralf"]
[Result "0-1"]
[WhiteElo "2097"]
[BlackElo "1963"]
[PlyCount "96"]
[EventDate "2006.??.??"]

1. g3 e5 2. c4 f5 3. Bg2 Nf6 4. Nc3 c6 5. d4 e4 6. Bg5 Bb4 7. Qb3 Bxc3+ 8. Qxc3
h6 9. Bd2 d5 10. Nh3 g5 11. f3 O-O 12. O-O Be6 13. b3 Na6 14. c5 Qd7 15. f4 g4
16. Nf2 Nc7 17. b4 Qg7 18. Be3 Rae8 19. Rfb1 h5 20. Nd1 h4 21. Qe1 hxg3 22.
hxg3 Kf7 23. Kf1 Bc8 24. Nc3 Rh8 25. Qf2 Rh2 26. Ke1 Reh8 27. Kd2 R8h6 28. Rh1
Qh8 29. Rxh2 Rxh2 30. Qg1 Ne6 31. Rf1 Rh6 32. Rd1 Nh5 33. Qf2 b6 34. Kc2 Ba6
35. cxb6 axb6 36. b5 Bxb5 37. Nxb5 cxb5 38. Qe1 Qa8 39. Kb2 Qa4 40. Bf2 Rh8 41.
Qd2 Ra8 42. Kb1 b4 43. Rh1 Kg6 44. Qb2 Nc7 45. Rc1 Nb5 46. Be1 Na3+ 47. Ka1 Nc4
48. Qc2 b3 0-1

[Event "IX. Rhein-Main-Open"]
[Site "Bad Homburg"]
[Date "2006.06.18"]
[Round "7.17"]
[White "Hillgaertner, Walter"]
[Black "Pietsch, Klaus"]
[Result "1-0"]
[WhiteElo "2055"]
[BlackElo "1956"]
[PlyCount "115"]
[EventDate "2006.??.??"]

1. d4 d5 2. Bf4 Nf6 3. e3 c6 4. c3 Qb6 5. Qb3 Bf5 6. Nd2 Nbd7 7. h3 e6 8. Ngf3
Ne4 9. Nxe4 Bxe4 10. Nd2 Bg6 11. Be2 c5 12. O-O c4 13. Qxb6 axb6 14. e4 b5 15.
exd5 exd5 16. Bf3 Nf6 17. Rfe1+ Kd7 18. a3 Bd6 19. Be5 Kc6 20. Bxd6 Kxd6 21.
Kh2 Rhe8 22. Kg3 Nd7 23. Nf1 Nb6 24. Ne3 Re7 25. Rad1 Rae8 26. Rd2 f6 27. Ra1
Rc7 28. Bg4 Bd3 29. Re1 g6 30. Bf3 Rce7 31. Rh1 Be4 32. Bd1 f5 33. h4 Bd3 34.
Bf3 Be4 35. Bd1 h6 36. Rh2 Nd7 37. a4 Nf6 38. axb5 Nh5+ 39. Bxh5 gxh5 40. Kf4
Bb1 41. Rh1 Re4+ 42. Kf3 Bd3 43. Nxf5+ Kd7 44. Ne3 Rf8+ 45. Kg3 Kd6 46. Ra1 Re7
47. b3 Rg7+ 48. Kh2 Rf4 49. g3 Rf3 50. bxc4 dxc4 51. Ra8 Rgf7 52. Kg1 Re7 53.
Rh8 Re6 54. Rg8 Rf7 55. Rc8 Kd7 56. Rc5 Rf8 57. Ra2 Be4 58. Re5 1-0

[Event "IX. Rhein-Main-Open"]
[Site "Bad Homburg"]
[Date "2006.06.18"]
[Round "7.18"]
[White "Lisanti, Andre"]
[Black "Huss, Rolf"]
[Result "1/2-1/2"]
[WhiteElo "2295"]
[BlackElo "2112"]
[PlyCount "97"]
[EventDate "2006.??.??"]

1. e4 Nf6 2. e5 Nd5 3. d4 d6 4. Nf3 g6 5. Bc4 Nb6 6. Bb3 Bg7 7. Qe2 O-O 8. h3
Nc6 9. Bd2 a5 10. a4 dxe5 11. dxe5 Nd4 12. Nxd4 Qxd4 13. Bc3 Qf4 14. Nd2 Be6
15. Bxe6 fxe6 16. Nf3 Rf5 17. b3 Nd5 18. Bd2 Rxe5 19. Nxe5 Qxe5 20. Qxe5 Bxe5
21. O-O-O b5 22. Rhe1 Bf6 23. axb5 a4 24. Rxe6 axb3 25. cxb3 Ra1+ 26. Kc2 Ra2+
27. Kd3 Rb2 28. Kc4 Nb6+ 29. Kb4 Nd5+ 30. Ka3 Rc2 31. Rc6 Bb2+ 32. Ka2 Bc3+ 33.
Ka3 Rxd2 34. Rxd2 Bxd2 35. Rc4 Bf4 36. Rd4 Bd6+ 37. Ka4 Nf4 38. b4 Nxg2 39. b6
cxb6 40. Kb5 Nf4 41. Kxb6 Kf7 42. Kc6 Nxh3 43. b5 Nf4 44. b6 Ne6 45. Rxd6 exd6
46. Kxd6 Nd8 47. Kd7 Nb7 48. Kc6 Nd8+ 49. Kd7 1/2-1/2

[Event "IX. Rhein-Main-Open"]
[Site "Bad Homburg"]
[Date "2006.06.18"]
[Round "7.19"]
[White "Foermes, Alexander"]
[Black "Grünter, Martin"]
[Result "1-0"]
[WhiteElo "2054"]
[BlackElo "1897"]
[PlyCount "89"]
[EventDate "2006.??.??"]

1. c4 Nf6 2. g3 e6 3. Nf3 d5 4. b3 b6 5. Bb2 Be7 6. Bg2 Bb7 7. O-O Nbd7 8. e3
O-O 9. Nc3 Rc8 10. Rc1 dxc4 11. bxc4 Bxf3 12. Qxf3 Ne5 13. Qe2 Nd3 14. Rb1 c6
15. Ba1 Qd6 16. Ne4 Nxe4 17. Bxe4 Rfd8 18. Bc3 Qd7 19. a4 Rb8 20. f4 f5 21. Bf3
a5 22. Qg2 Rdc8 23. g4 Bb4 24. gxf5 exf5 25. Rfd1 Qe7 26. Ba1 Bc5 27. Kf1 Qd7
28. Be2 Rc7 29. Rb3 Nb4 30. d4 Bf8 31. Bf3 Re8 32. Bb2 Qf7 33. d5 cxd5 34. Rxb4
Bxb4 35. Bxd5 Re6 36. Be5 Rd7 37. Ke2 Rxd5 38. cxd5 Re8 39. Rc1 Qg6 40. Qxg6
hxg6 41. Rc7 Bf8 42. Kd3 g5 43. Kc4 g4 44. Kb5 Bc5 45. Kc6 1-0

[Event "IX. Rhein-Main-Open"]
[Site "Bad Homburg"]
[Date "2006.06.18"]
[Round "7.20"]
[White "Ochmann, Reimund"]
[Black "Fußnecker, Manfred"]
[Result "1/2-1/2"]
[WhiteElo "1944"]
[BlackElo "2025"]
[PlyCount "109"]
[EventDate "2006.??.??"]

1. e4 e6 2. d4 d5 3. Nc3 Bb4 4. e5 c5 5. a3 Bxc3+ 6. bxc3 Ne7 7. Nf3 Qa5 8. Bd2
Nbc6 9. a4 c4 10. Be2 Bd7 11. O-O f6 12. exf6 gxf6 13. Qb1 Qc7 14. Nh4 O-O-O
15. a5 Ng6 16. Nf3 h5 17. Qc1 Rdg8 18. Kh1 e5 19. dxe5 Ncxe5 20. Bf4 Bc6 21.
Nd4 Qg7 22. Rg1 h4 23. h3 Nxf4 24. Qxf4 Qg5 25. Qxg5 fxg5 26. Nf3 Ng6 27. Nd4
Ne5 28. a6 b6 29. Nxc6 Nxc6 30. Bf3 Ne5 31. Bxd5 Rd8 32. Rad1 Kc7 33. Rd4 Nc6
34. Bxc6 Rxd4 35. cxd4 Kxc6 36. c3 Re8 37. Ra1 Re2 38. Kg1 Rc2 39. Ra3 Kd5 40.
g3 Ke4 41. Kg2 Kd3 42. gxh4 gxh4 43. Kf3 Rxc3 44. Rxc3+ Kxc3 45. d5 Kb4 46. d6
c3 47. d7 c2 48. d8=Q c1=Q 49. Qd4+ Qc4 50. Ke4 Kb5 51. f4 Qe2+ 52. Kd5 Qg2+
53. Qe4 Qg8+ 54. Qe6 Qg2+ 55. Qe4 1/2-1/2

[Event "IX. Rhein-Main-Open"]
[Site "Bad Homburg"]
[Date "2006.06.18"]
[Round "7.21"]
[White "Ellrich, Jochen"]
[Black "Sefeloge, Michael"]
[Result "1-0"]
[WhiteElo "2090"]
[BlackElo "1916"]
[PlyCount "81"]
[EventDate "2006.??.??"]

1. d4 d5 2. e4 dxe4 3. Nc3 Nf6 4. f3 exf3 5. Nxf3 Bg4 6. h3 Bxf3 7. Qxf3 c6 8.
Be3 e6 9. Bd3 Be7 10. O-O-O Nd5 11. Bd2 Bg5 12. Rhf1 Bxd2+ 13. Rxd2 O-O 14. Ne4
Nd7 15. Qh5 h6 16. Rdf2 f5 17. Qg6 Qe7 18. Nd2 Qf6 19. Qxf6 Rxf6 20. Re1 b5 21.
c3 a6 22. Bc2 c5 23. Nf3 cxd4 24. Nxd4 Kf7 25. Bb3 Nc5 26. Bc2 Rc8 27. Nf3 Ke7
28. Ne5 Kd6 29. Rd2 Ke7 30. g4 fxg4 31. Nxg4 Rf3 32. Rxd5 Rxh3 33. Rde5 Rg3 34.
Nf2 Rf3 35. Ne4 Nxe4 36. Bxe4 Rf6 37. Bd5 Kd6 38. Bb7 Rc7 39. Bxa6 Ra7 40. Bxb5
Rxa2 41. Rxe6+ 1-0

[Event "IX. Rhein-Main-Open"]
[Site "Bad Homburg"]
[Date "2006.06.18"]
[Round "7.22"]
[White "Göbel, Andreas"]
[Black "Nahler, Michael"]
[Result "1-0"]
[WhiteElo "2073"]
[BlackElo "1842"]
[PlyCount "59"]
[EventDate "2006.??.??"]

1. d4 d5 2. Nf3 Nf6 3. Bg5 e6 4. e3 Be7 5. Bd3 O-O 6. Nbd2 b6 7. c3 c5 8. Qe2
Nc6 9. O-O-O Qc7 10. Bf4 Bd6 11. Bxd6 Qxd6 12. g4 e5 13. dxe5 Nxe5 14. Nxe5
Qxe5 15. f4 Qe7 16. f5 Bb7 17. g5 Ne4 18. f6 Qe6 19. Nxe4 dxe4 20. Bc4 Qh3 21.
fxg7 Kxg7 22. Qf2 Qf3 23. Qh4 Qxe3+ 24. Kb1 Kg8 25. Rhg1 Rad8 26. Rde1 Qf3 27.
g6 h5 28. gxf7+ Kh7 29. Qg5 Rxf7 30. Qg6+ 1-0

[Event "IX. Rhein-Main-Open"]
[Site "Bad Homburg"]
[Date "2006.06.18"]
[Round "7.23"]
[White "Ullrich, Helmut"]
[Black "Eidelmann, Vova"]
[Result "0-1"]
[WhiteElo "1908"]
[BlackElo "2055"]
[PlyCount "58"]
[EventDate "2006.??.??"]

1. d4 Nf6 2. c4 e6 3. e3 d5 4. Nc3 Bb4 5. Bd2 O-O 6. Nf3 c5 7. dxc5 Bxc5 8.
cxd5 exd5 9. Be2 Ne4 10. O-O Nc6 11. Rc1 Bd6 12. Nb5 Bb8 13. Nbd4 Qd6 14. Nxc6
bxc6 15. g3 Bd7 16. Nh4 a5 17. Be1 Bc7 18. Ng2 f5 19. Qc2 g5 20. Bb5 Bb6 21.
Ba4 Rab8 22. Qe2 Rf6 23. Bc2 Rh6 24. f3 Nf6 25. h4 gxh4 26. Nxh4 f4 27. gxf4
Qxf4 28. Ng2 Qh2+ 29. Kf2 Ng4+ 0-1

[Event "IX. Rhein-Main-Open"]
[Site "Bad Homburg"]
[Date "2006.06.18"]
[Round "7.24"]
[White "Libuda, Thomas"]
[Black "Krüger, Till"]
[Result "0-1"]
[WhiteElo "2026"]
[BlackElo "1827"]
[PlyCount "64"]
[EventDate "2006.??.??"]

1. d4 Nf6 2. Nf3 g6 3. c4 Bg7 4. Nc3 d5 5. cxd5 Nxd5 6. e4 Nxc3 7. bxc3 O-O 8.
Be2 c5 9. O-O Nc6 10. Be3 Bg4 11. Rb1 Qc7 12. h3 Bxf3 13. Bxf3 Rfd8 14. Qc1
cxd4 15. cxd4 Bxd4 16. Bxd4 Rxd4 17. e5 Rc8 18. Qe3 Qd7 19. Rxb7 Qxb7 20. Qxd4
Nxd4 21. Bxb7 Rc2 22. Ra1 Re2 23. f4 Rb2 24. Bf3 Nxf3+ 25. gxf3 Rb4 26. Re1
Rxf4 27. Re3 Rd4 28. a3 e6 29. Kf2 Kg7 30. Kg3 g5 31. Kf2 Kg6 32. Kg3 Kf5 0-1

[Event "IX. Rhein-Main-Open"]
[Site "Bad Homburg"]
[Date "2006.06.18"]
[Round "7.25"]
[White "Diez, Gerhard"]
[Black "Grass, Ernest"]
[Result "1-0"]
[WhiteElo "2014"]
[BlackElo "1772"]
[PlyCount "105"]
[EventDate "2006.??.??"]

1. e4 c5 2. Nf3 Nc6 3. d4 cxd4 4. Nxd4 g6 5. c4 Bg7 6. Be3 Nf6 7. Nc3 O-O 8.
Be2 d6 9. O-O Bd7 10. Nc2 Rc8 11. f3 Qa5 12. Qd2 Rfe8 13. a3 Ne5 14. b4 Qc7 15.
c5 dxc5 16. bxc5 Bc6 17. Nd4 Red8 18. Qc2 Ned7 19. Ncb5 Bxb5 20. Nxb5 Qb8 21.
Rad1 a6 22. Nc3 e6 23. Na4 Qc7 24. Qb3 h6 25. Rb1 Rb8 26. Rfd1 Bf8 27. Rbc1
Rdc8 28. Qc3 Bg7 29. Qd2 Kh7 30. Qe1 Rd8 31. Nb6 Nxb6 32. cxb6 Qe7 33. Bc5 Qe8
34. Bd6 Ra8 35. Rc7 Rd7 36. Bc4 Qd8 37. e5 Ne8 38. Rxd7 Qxd7 39. Qe4 Qc8 40.
Be7 Qc6 41. Qxc6 bxc6 42. Rd8 Rxd8 43. Bxd8 Bxe5 44. Bxa6 Kg7 45. a4 Kf8 46.
Bb7 c5 47. a5 c4 48. Bc6 c3 49. Ba4 Nd6 50. a6 Nb5 51. Kf1 Bb8 52. Ke2 Na7 53.
Bc7 1-0

[Event "IX. Rhein-Main-Open"]
[Site "Bad Homburg"]
[Date "2006.06.18"]
[Round "7.26"]
[White "Müller, Pascal"]
[Black "Bender, Manfred"]
[Result "1-0"]
[WhiteElo "1999"]
[BlackElo "1816"]
[PlyCount "20"]
[EventDate "2006.??.??"]

1. e4 e5 2. Nf3 Nc6 3. c3 Nf6 4. Bb5 Bc5 5. O-O O-O 6. d4 exd4 7. cxd4 Be7 8.
d5 a6 9. Ba4 b5 10. dxc6 dxc6 1-0

[Event "IX. Rhein-Main-Open"]
[Site "Bad Homburg"]
[Date "2006.06.18"]
[Round "7.27"]
[White "Gutacker, Stephan"]
[Black "Reichert, Rudolf"]
[Result "1-0"]
[WhiteElo "1982"]
[BlackElo "1601"]
[PlyCount "69"]
[EventDate "2006.??.??"]

1. e4 e5 2. Nf3 d6 3. d4 Bg4 4. Bc4 Bh5 5. Bg5 Be7 6. Bxe7 Qxe7 7. dxe5 dxe5 8.
Nc3 c6 9. Qd3 Nd7 10. O-O Ngf6 11. Nh4 Nc5 12. Qg3 b5 13. Nf5 Qc7 14. Nxg7+ Kf8
15. Nxh5 Nxh5 16. Qf3 Nf4 17. Bb3 Rg8 18. g3 Nh3+ 19. Kg2 Ng5 20. Qf5 b4 21. h4
Nxb3 22. axb3 Ne6 23. Ne2 Rg6 24. f4 exf4 25. Nxf4 Ng7 26. Nxg6+ hxg6 27. Qf4
Qe7 28. Rad1 Ne6 29. Qd6 c5 30. c3 a5 31. Rd2 Ra7 32. Rfd1 bxc3 33. bxc3 a4 34.
bxa4 Rxa4 35. Qe5 1-0

[Event "IX. Rhein-Main-Open"]
[Site "Bad Homburg"]
[Date "2006.06.18"]
[Round "7.28"]
[White "Sittinger, Lutz"]
[Black "White, Herbert"]
[Result "1-0"]
[WhiteElo "1786"]
[BlackElo "1961"]
[PlyCount "81"]
[EventDate "2006.??.??"]

1. d4 g6 2. c4 c5 3. d5 e6 4. e4 exd5 5. exd5 d6 6. Nf3 Bg7 7. Be2 Ne7 8. O-O
O-O 9. Qb3 Nf5 10. Nc3 Nd7 11. Bf4 Re8 12. Bd3 Nd4 13. Nxd4 cxd4 14. Nb5 Ne5
15. Nxd4 Nxd3 16. Qxd3 Qb6 17. Be3 Rxe3 18. fxe3 Bd7 19. Rf2 Re8 20. Rd1 a6 21.
h3 Be5 22. b3 Qd8 23. Rdf1 Re7 24. g4 Qf8 25. Nf3 Bg7 26. Ng5 Be8 27. Ne6 fxe6
28. Rxf8+ Bxf8 29. dxe6 Rxe6 30. Qd5 Bd7 31. Qxb7 Re7 32. Qxa6 Bh6 33. Qxd6
Bxe3+ 34. Kh2 Bg5 35. Qd5+ Re6 36. Qxg5 Re2+ 37. Kg3 Bc6 38. Qf6 Re3+ 39. Kh4
Rxh3+ 40. Kxh3 Bg2+ 41. Kxg2 1-0